000 00372nam a2200133Ia 4500
008 151001s9999||||xx |||||||||||||| ||und||
100 _aयु म पठाण
245 _aमध्ययुगीन संत साहित्य
250 _a1
260 _bस्वरूप प्रकाशन
260 _c2004
300 _a160
365 _b21
999 _c987255
_d987252